[Event "Stay Safe Play From Home 291"]
[Site "Emanuel Lasker Arena"]
[Date "2020.07.09"]
[Round "2"]
[White "Timbre"]
[Black "Ironmike"]
[Result "0-1"]
[WhiteElo "1544"]
[BlackElo "1863"]
[Annotator "NA RC"]
[PlyCount "86"]
[EventDate "2020.07.09"]
[EventType "swiss (blitz)"]
[BlackTeam "SV Horst-Emscher I"]

{- Dönges, Dirk (1820)} 1. d4 {[%emt 0:00:16]} d5 {[%emt 0:00:01]} 2. Nf3 {[%emt 0:00:01]} c6 {[%emt 0:00:02]} 3. c3 {[%emt 0:00:01]} Nf6 {[%emt 0:00:00]} 4. Bf4 {[%emt 0:00:02]} Bg4 {[%emt 0:00:01]} 5. e3 {[%emt 0:00:01]} e6 {[%emt 0:00:01]} 6. Be2 {[%emt 0:00:01]} Bd6 {[%emt 0:00:01]} 7. Nbd2 {[%emt 0:00:03]} O-O {[%emt 0:00:01]} 8. Bxd6 {[%emt 0:00:04]} Qxd6 {[%emt 0:00:01]} 9. Ne5 {[%emt 0:00:02]} Bxe2 {[%emt 0:00:01]} 10. Qxe2 {[%emt 0:00:01]} Ne4 {[%emt 0:00:01]} 11. Nxe4 {[%emt 0:00:03]} dxe4 {[%emt 0:00:01]} 12. Qc2 {[%emt 0:00:02]} f6 {[%emt 0:00:02]} 13. Nc4 {[%emt 0:00:06]} Qd5 {[%emt 0:00:02]} 14. Nd2 {[%emt 0:00:02]} f5 {[%emt 0:00:02]} 15. O-O {[%emt 0:00:01]} Nd7 {[%emt 0:00:02]} 16. c4 {[%emt 0:00:03]} Qa5 {[%emt 0:00:02]} 17. a3 {[%emt 0:00:04]} Qc7 {[%emt 0:00:02]} 18. b4 {[%emt 0:00:02]} Rad8 {[%emt 0:00:01]} 19. Qb3 {[%emt 0:00:07]} Kh8 {[%emt 0:00:02]} 20. c5 {[%emt 0:00:02]} Nf6 {[%emt 0:00:02]} 21. Qxe6 {[%emt 0:00:06]} g6 {[%emt 0:00:03]} 22. Qb3 {[%emt 0:00:13]} Ng4 {[%emt 0:00:08]} 23. g3 {[%emt 0:00:04]} Nf6 {[%emt 0:00:03]} 24. Nc4 {[%emt 0:00:02]} Qf7 {[%emt 0:00:02]} 25. Qc2 {[%emt 0:00:06]} Nd5 {[%emt 0:00:05]} 26. Ne5 {[%emt 0:00:07]} Qg7 {[%emt 0:00:01]} 27. Qb3 {[%emt 0:00:06]} f4 {[%emt 0:00:04]} 28. exf4 {[%emt 0:00:08]} Nxf4 {[%emt 0:00:02]} 29. gxf4 {[%emt 0:00:07]} Rxf4 {[%emt 0:00:01]} 30. Qe3 {[%emt 0:00:04]} Rf5 {[%emt 0:00:04]} 31. Kh1 {[%emt 0:00:03]} Rh5 {[%emt 0:00:07]} 32. Rg1 {[%emt 0:00:04]} Qf6 {[%emt 0:00:02]} 33. Rg3 {[%emt 0:00:07]} Qf5 {[%emt 0:00:10]} 34. Rag1 {[%emt 0:00:07]} Rf8 {[%emt 0:00:10]} 35. Rf1 {[%emt 0:00:07]} b6 {[%emt 0:00:04]} 36. cxb6 {[%emt 0:00:03]} axb6 {[%emt 0:00:01]} 37. Nxc6 {[%emt 0:00:04]} Qe6 {[%emt 0:00:14]} 38. Ne5 {[%emt 0:00:04]} Rhf5 {[%emt 0:00:07]} 39. Qxe4 {[%emt 0:00:04]} Rxf2 {[%emt 0:00:05]} 40. Rxf2 {[%emt 0:00:04]} Rxf2 {[%emt 0:00:00]} 41. Qe3 {[%emt 0:00:04]} Rf5 {[%emt 0:00:06]} 42. Rf3 {[%emt 0:00:02]} Qa2 {[%emt 0:00:08] .} 43. Rxf5 {[%emt 0:00:02]} Qb1+ {[%emt 0:00:01] Time (Lag: Av=0.41s, max=1.8s)} 0-1

[Event "Stay Safe Play From Home 291"]
[Site "Emanuel Lasker Arena"]
[Date "2020.07.09"]
[Round "2"]
[White "Mandy"]
[Black "Capaeuwekhine"]
[Result "0-1"]
[WhiteElo "993"]
[BlackElo "1692"]
[Annotator "NA RC"]
[PlyCount "60"]
[EventDate "2020.07.09"]
[EventType "swiss (blitz)"]

1. d4 {[%emt 0:00:02]} e6 {[%emt 0:00:01]} 2. Bf4 {[%emt 0:00:01]} d5 {[%emt 0:00:01]} 3. e3 {[%emt 0:00:01]} Nf6 {[%emt 0:00:01]} 4. Nf3 {[%emt 0:00:01]} c5 {[%emt 0:00:01]} 5. c3 {[%emt 0:00:02]} Nc6 {[%emt 0:00:01]} 6. h3 {[%emt 0:00:01]} Qb6 {[%emt 0:00:01]} 7. Qc2 {[%emt 0:00:04]} c4 {[%emt 0:00:02]} 8. Be2 {[%emt 0:00:05]} Be7 {[%emt 0:00:03]} 9. O-O {[%emt 0:00:02]} O-O {[%emt 0:00:03]} 10. Nbd2 {[%emt 0:00:05]} Qa5 {[%emt 0:00:02]} 11. a3 {[%emt 0:00:17]} b5 {[%emt 0:00:03]} 12. Bxc4 {[%emt 0:00:27]} bxc4 {[%emt 0:00:06]} 13. e4 {[%emt 0:00:08]} Qb6 {[%emt 0:00:04]} 14. b4 {[%emt 0:00:05]} cxb3 {[%emt 0:00:02]} 15. Qxb3 {[%emt 0:00:05]} Qxb3 {[%emt 0:00:03]} 16. Nxb3 {[%emt 0:00:02]} Ba6 {[%emt 0:00:01]} 17. Rfe1 {[%emt 0:00:04]} Nxe4 {[%emt 0:00:03]} 18. Rac1 {[%emt 0:00:17]} Bxa3 {[%emt 0:00:05]} 19. Rc2 {[%emt 0:00:15]} Bd6 {[%emt 0:00:04]} 20. Bxd6 {[%emt 0:00:06]} Nxd6 {[%emt 0:00:02]} 21. Ne5 {[%emt 0:00:06]} Nxe5 {[%emt 0:00:02]} 22. Rxe5 {[%emt 0:00:04]} Nc4 {[%emt 0:00:01]} 23. Nc5 {[%emt 0:00:08]} Nxe5 {[%emt 0:00:02]} 24. Nxa6 {[%emt 0:00:02]} Nc4 {[%emt 0:00:02]} 25. Nc7 {[%emt 0:00:02]} Rab8 {[%emt 0:00:01]} 26. Na6 {[%emt 0:00:03]} Rb6 {[%emt 0:00:02]} 27. Nc7 {[%emt 0:00:06]} a5 {[%emt 0:00:02]} 28. f3 {[%emt 0:00:15]} a4 {[%emt 0:00:03]} 29. Kh2 {[%emt 0:00:03]} a3 {[%emt 0:00:02]} 30. Rc1 {[%emt 0:00:02]} Rb2 {[%emt 0:00:01] Zeit (Lag: Av=0.64s, max=0.9s)} 0-1

[Event "Stay Safe Play From Home 291"]
[Site "Emanuel Lasker Arena"]
[Date "2020.07.09"]
[Round "3"]
[White "AChessPlayer"]
[Black "Weltszmerc"]
[Result "1-0"]
[WhiteElo "2224"]
[BlackElo "2017"]
[Annotator "TA"]
[PlyCount "147"]
[EventDate "2020.07.09"]
[EventType "swiss (blitz)"]

{[%evp 9,147,53,42,31,33,-16,0,-38,0,-28,33,35,45,-9,-8,-22,-29,-23,-32,-26,15,8,14,2,12,0,0,-6,0,-10,-7,-15,-13,-23,-16,-25,0,0,0,0,0,0,0,0,0,0,0,0,0,3,185,47,47,47,47,60,68,0,124,0,0,0,0,0,0,0,0,0,0,0,0,0,0,0,0,0,0,0,0,0,699,0,616,594,625,338,936,0,0,0,0,0,0,0,0,0,1060,1018,2556,2142,2728,2388,2234,2084,2797,2439,6606,5712,2335,2362,12806,6582,29985,29986,29986,29987,29987,29988,12849,12849,29990,12850,12850,12850,12851,27999,12851,27999,27999,27999,27999,27999,27999,27999,27999,27999,27999,27999,27999,27999]} 1. d4 b6 2. e4 Nf6 3. Bd3 Bb7 4. Qe2 e6 5. Nf3 d5 {[%cal Rd5e4]} 6. exd5 {B00: Queen's Fianchetto Defence, Nimzowitsch Defence.} Qxd5 7. c4 Qh5 8. Nbd2 {[#] The position is equal.} Be7 $146 ({Predecessor:} 8... Nbd7 9. Ne4 Bb4+ 10. Kf1 O-O-O 11. a3 Be7 12. h4 h6 13. d5 exd5 14. Ng3 Qg4 15. Qxe7 Rhe8 16. Qb4 dxc4 17. Bf5 {1-0 (17) Santos da Silva,F (1852)-Pereira Lustosa,J (1763) Fortaleza 2017}) 9. Ne4 Nxe4 (9... Nc6 $11) 10. Bxe4 $14 Bb4+ 11. Bd2 (11. Kf1 $1 $14 Bxe4 12. Qxe4) 11... Bxd2+ $11 12. Nxd2 Qxe2+ 13. Kxe2 Bxe4 14. Nxe4 Nd7 15. Ke3 Ke7 16. Rad1 Nf6 17. Nc3 c6 18. Rhe1 Rhd8 19. f3 Rd7 20. h4 h5 21. b3 Rad8 22. Rd3 e5 {[%cal Re5d4]} 23. Red1 Ke6 24. b4 exd4+ 25. Rxd4 Rxd4 26. Rxd4 Rxd4 27. Kxd4 {[%mdl 4096] Endgame KN-KN} Nd7 28. Ne4 f5 29. Ng5+ Kd6 $2 (29... Kf6 $11 {and Black is okay.}) 30. c5+ (30. Nf7+ $18 Kc7 31. Ke3) 30... bxc5+ $14 31. bxc5+ Ke7 32. Nh3 Kf6 33. Nf4 (33. f4 $1 $14) 33... g6 (33... g5 $1 $11 {remains equal.} 34. hxg5+ Kxg5) 34. a4 ({White must play} 34. Nd3 $1 $16) 34... Nf8 $11 35. Kc4 a5 36. Ne2 {Hoping for Nd4.} Ne6 37. f4 Ke7 38. g3 Kd7 39. Nc1 {Black must now prevent Nb3.} Nd8 $1 40. Nb3 Nb7 41. Nd4 Nd8 42. Nf3 Ke6 43. Ne5 Kf6 44. Kb3 Kg7 $2 {[%mdl 8192]} (44... Ne6 $11) 45. Kc3 $2 ({Only move:} 45. Nc4 $1 $18 Kf6 46. Nxa5) 45... Kf6 $2 {[%mdl 8192] [#]} (45... Ne6 $11) 46. Nc4 $1 $18 {[%cal Rc4a5]} Nb7 47. Kd4 Kg7 $2 {[#]} (47... Ke7 48. Ne5 Nd8 49. Nxg6+ Kf7 50. Ne5+ Ke6) 48. Nd2 $2 (48. Nd6 $1 $18 {[%cal Rd6b7]} Nd8 49. Ke5) 48... Kf6 $11 49. Kc4 Ke6 50. Nf3 {With the idea Ne5.} Kf6 51. Nd4 Nd8 52. Nb3 Kg7 $2 {[%mdl 8192] White stays focused until the end.} (52... Nb7 $11) 53. Nxa5 $18 Kf6 54. Nb3 Ke6 55. a5 Kd7 56. Kd4 Kc7 57. Ke5 Kb7 58. Kf6 Ka6 59. Kxg6 Kb5 60. Kxf5 Kb4 61. a6 Kxb3 {KN-KP} 62. a7 Nb7 63. a8=Q Nxc5 64. Qxc6 Kb4 65. Qd6 (65. Ke5 $142 Nb3 66. f5 Nd2 67. f6 Nc4+ 68. Kd4 Nd2 69. f7 Nb3+ 70. Ke5) 65... Kc4 66. Qxc5+ Kxc5 {KP-KP} 67. Kg5 Kd5 68. Kxh5 Ke6 {White mates.} 69. Kg6 Ke7 70. Kg7 Ke6 71. h5 Kf5 72. h6 Kg4 73. h7 Kf3 74. h8=Q {Accuracy: White = 82%, Black = 61%.} 1-0

[Event "Stay Safe Play From Home 291"]
[Site "Emanuel Lasker Arena"]
[Date "2020.07.09"]
[Round "3"]
[White "Position"]
[Black "Lazieri3"]
[Result "1-0"]
[WhiteElo "2027"]
[BlackElo "2053"]
[Annotator "TA"]
[PlyCount "71"]
[EventDate "2020.07.09"]
[EventType "swiss (blitz)"]

{[%evp 10,70,26,23,50,26,43,42,49,16,44,44,39,41,40,24,50,47,52,56,50,37,41,42,50,45,68,10,37,0,3,0,0,0,10,4,33,7,31,2,19,0,0,-75,-8,-7,18,0,167,0,362,316,1301,1270,1050,6383,5589,5581,29996,29997,29998,29999,29999]} 1. e4 c6 2. Nf3 d5 3. Nc3 dxe4 4. Nxe4 Nf6 5. Ng3 Bg4 6. Be2 {[#]} Nh5 $146 {B11: Caro-Kann: Two Knights Variation.} ({Predecessor:} 6... e6 7. h3 Bxf3 8. Bxf3 Nbd7 9. d4 Bd6 10. Ne4 Nxe4 11. Bxe4 Nf6 12. Bf3 Qc7 13. c3 Bf4 14. Bxf4 Qxf4 {½-½ (30) Hiermann,D (2239)-Postlmayer,J (2204) Austria 2020}) 7. O-O Nxg3 8. fxg3 {Ng5 is the strong threat.} Bxf3 {White is slightly better.} 9. Rxf3 {Black should prevent Qf1.} Nd7 10. d4 e6 11. c3 Be7 12. Bf4 Nf6 13. Bd3 Nd5 14. Bd2 Bg5 15. Qe2 Bxd2 16. Qxd2 O-O 17. Raf1 Rc8 18. Qe2 (18. g4 $14) 18... c5 $11 19. Qe4 {[%csl Gd3][%cal Re4h7] [#]} (19. dxc5 {is more complex.} Rxc5 20. Qf2 Qe7 21. g4 Nb6 22. a3) 19... g6 20. dxc5 Rxc5 21. Kh1 Rc7 22. Bc2 Rd7 23. Bb3 Qg5 24. h4 $36 {[%mdl 2048] White has good play.} Qd8 25. Ba4 Rd6 26. Qg4 (26. h5 $11 {remains equal.}) 26... Nb6 (26... f5 $17 27. Qg5 Nf6) 27. Bb3 h5 28. Qe4 Qd7 $2 (28... Nd5 $11) 29. Rf6 $2 (29. g4 $18 {Hoping for gxh5.} hxg4 30. Qxg4) 29... Kg7 $2 {[%mdl 8192]} (29... Qe7 $11) 30. Qe5 {Intending Rxf7+ and mate.} Kh7 $2 {[#]} (30... Kg8 31. Qf4 Qe7) 31. Rxg6 $1 $18 {[%mdl 512]} fxg6 32. Rxf8 {[%csl Ge5][%cal Rf8h8]} Rd1+ 33. Bxd1 Qxd1+ 34. Kh2 {[%csl Ge5][%cal Rf8h8] White mates.} g5 35. Qh8+ Kg6 36. Rf6# {Accuracy: White = 75%, Black = 63%.} 1-0

[Event "Stay Safe Play From Home 291"]
[Site "Emanuel Lasker Arena"]
[Date "2020.07.09"]
[Round "3"]
[White "Lucknow"]
[Black "Chesstiger9"]
[Result "0-1"]
[WhiteElo "1753"]
[BlackElo "1957"]
[Annotator "TA"]
[PlyCount "84"]
[EventDate "2020.07.09"]
[EventType "swiss (blitz)"]

{[%evp 18,84,23,17,12,4,104,42,108,33,43,17,71,60,155,41,200,52,66,77,177,61,55,-138,100,104,107,93,143,143,185,95,320,289,318,326,279,283,309,279,424,427,426,412,498,440,568,493,492,484,469,482,559,543,545,547,1295,1292,1275,1274,925,897,682,462,412,34,34,34,34]} 1. d4 Nf6 2. c4 e6 3. Nf3 d5 4. Nc3 c6 5. e3 Nbd7 6. Bd3 dxc4 7. Bxc4 b5 8. Bd3 a6 9. e4 c5 10. d5 Bb7 {D48: Semi-Slav: Meran System: 7...b5 8 Bd3 a6.} 11. Qe2 e5 (11... c4 $11 {remains equal.} 12. Bc2 b4 13. dxe6 fxe6) 12. O-O ({White should play} 12. b3 $1 $16) 12... Bd6 {[#]} (12... c4 $14 13. Bc2 Bc5) 13. Bg5 $146 ({Better is} 13. b3 $16) ({Predecessor:} 13. Nh4 g6 14. g3 Nh5 15. Nf5 gxf5 16. Qxh5 b4 17. Nd1 fxe4 18. Bxe4 Nf6 19. Qf3 Nxe4 20. Qxe4 {1-0 (51) Janko,M (2158)-Blicha,M (2056) Brezova pod Bradlom 2006}) 13... h6 14. Bh4 g5 (14... c4 $11 {keeps the balance.} 15. Bc2 O-O) 15. Bg3 $16 Qe7 (15... c4 $14 16. Bc2 O-O) 16. Rac1 (16. a4 $1 $16) 16... Nf8 $2 (16... c4 $14 17. Bb1 Bc8) 17. Qd2 (17. a4 $18) 17... Ng6 $14 18. a4 b4 {[#]} (18... c4 $16 {was worth a try.}) 19. Ne2 (19. Nd1 $1 $18) 19... Nf4 20. Bc4 $2 (20. Bb1 $14 {stays ahead.}) 20... O-O $2 (20... Nxe4 $17 {and life is bright.} 21. Qc2 f5 22. Bxf4 gxf4) 21. Qc2 $16 Bc8 22. Rfe1 Bg4 {[#]} 23. Nd2 $1 N6h5 24. Nf1 ({White should try} 24. f3 $18 Bd7 25. Nxf4 Nxg3 26. Ne2 (26. hxg3 exf4 27. g4 Be5 $11)) 24... f5 $2 (24... Bd7 $16) 25. f3 $18 Nxe2+ 26. Qxe2 (26. Rxe2 Nxg3 27. hxg3 Bh5 $18) 26... Nxg3 27. hxg3 ({Don't do} 27. Nxg3 $6 f4 $18) 27... Bh5 28. exf5 a5 (28... e4 $142 29. g4 (29. Bxa6 Qf6 $16) 29... Bf7 30. fxe4 (30. Qxe4 Qf6 $18) 30... Be5 31. Bxa6 h5) 29. g4 Bf7 30. Ng3 Kg7 31. Ne4 {f6+ is the strong threat.} Kh7 32. Nxd6 Qxd6 33. Qxe5 Qxe5 34. Rxe5 Rfe8 35. Rce1 Rxe5 36. Rxe5 Re8 37. Rxe8 Bxe8 {KB-KB} 38. Kf2 Bxa4 39. Ke2 Kg7 40. Kd3 Kf6 41. Ke4 $2 (41. Ba6 $18) 41... Bc2+ $14 42. Ke3 {Black must now prevent d6.} Ke5 {[%mdl 32768] Accuracy: White = 39%, Black = 26%. . Sensor Board Error (Ke4/e5)?} 0-1

[Event "Stay Safe Play From Home 291"]
[Site "Emanuel Lasker Arena"]
[Date "2020.07.09"]
[Round "3"]
[White "Capaeuwekhine"]
[Black "Haris kollari 13"]
[Result "0-1"]
[WhiteElo "1693"]
[BlackElo "1838"]
[Annotator "NA"]
[PlyCount "102"]
[EventDate "2020.07.09"]
[EventType "swiss (blitz)"]

1. d4 {[%emt 0:00:04]} d5 {[%emt 0:00:01]} 2. c4 {[%emt 0:00:02]} e5 {[%emt 0:00:01]} 3. cxd5 {[%emt 0:00:02]} Qxd5 {[%emt 0:00:02]} 4. Nc3 {[%emt 0:00:03]} Qxd4 {[%emt 0:00:01]} 5. Qxd4 {[%emt 0:00:02]} exd4 {[%emt 0:00:01]} 6. Nb5 {[%emt 0:00:01]} Na6 {[%emt 0:00:03]} 7. Nxd4 {[%emt 0:00:02]} Bd7 {[%emt 0:00:02]} 8. e4 {[%emt 0:00:02]} Nc5 {[%emt 0:00:01]} 9. f3 {[%emt 0:00:02]} O-O-O {[%emt 0:00:02]} 10. Be3 {[%emt 0:00:02]} Nf6 {[%emt 0:00:04]} 11. Bc4 {[%emt 0:00:05]} Ne6 {[%emt 0:00:08]} 12. Nxe6 {[%emt 0:00:02]} fxe6 {[%emt 0:00:04]} 13. Ne2 {[%emt 0:00:02]} Bb4+ {[%emt 0:00:02]} 14. Kf2 {[%emt 0:00:01]} Kb8 {[%emt 0:00:03]} 15. a3 {[%emt 0:00:03]} Be7 {[%emt 0:00:02]} 16. Rad1 {[%emt 0:00:02]} Bc8 {[%emt 0:00:01]} 17. Nf4 {[%emt 0:00:04]} e5 {[%emt 0:00:02]} 18. Nd5 {[%emt 0:00:02]} Nxd5 {[%emt 0:00:08]} 19. Rxd5 {[%emt 0:00:04]} c6 {[%emt 0:00:02]} 20. Rxd8 {[%emt 0:00:03]} Rxd8 {[%emt 0:00:02]} 21. Ke2 {[%emt 0:00:01]} b5 {[%emt 0:00:03]} 22. Bb3 {[%emt 0:00:02]} a5 {[%emt 0:00:01]} 23. Rd1 {[%emt 0:00:02]} Rxd1 {[%emt 0:00:13]} 24. Bxd1 {[%emt 0:00:03]} Kc7 {[%emt 0:00:00]} 25. h3 {[%emt 0:00:05]} Ba6 {[%emt 0:00:02]} 26. Kf2 {[%emt 0:00:05]} c5 {[%emt 0:00:01]} 27. Be2 {[%emt 0:00:03]} Kc6 {[%emt 0:00:01]} 28. a4 {[%emt 0:00:03]} c4 {[%emt 0:00:02]} 29. axb5+ {[%emt 0:00:05]} Bxb5 {[%emt 0:00:01]} 30. Ke1 {[%emt 0:00:02]} Bb4+ {[%emt 0:00:02]} 31. Kd1 {[%emt 0:00:03]} Ba4+ {[%emt 0:00:01]} 32. Kc1 {[%emt 0:00:01]} Kb5 {[%emt 0:00:01]} 33. Bg5 {[%emt 0:00:06]} Bb3 {[%emt 0:00:04]} 34. f4 {[%emt 0:00:06]} exf4 {[%emt 0:00:04]} 35. Bxf4 {[%emt 0:00:02]} a4 {[%emt 0:00:00]} 36. e5 {[%emt 0:00:05]} Kc6 {[%emt 0:00:03]} 37. Bd2 {[%emt 0:00:04]} a3 {[%emt 0:00:15]} 38. bxa3 {[%emt 0:00:04]} Bxa3+ {[%emt 0:00:01]} 39. Kb1 {[%emt 0:00:01]} Kd5 {[%emt 0:00:03]} 40. Bc3 {[%emt 0:00:02]} Be7 {[%emt 0:00:02]} 41. Kb2 {[%emt 0:00:03]} Ke4 {[%emt 0:00:02]} 42. Bf3+ {[%emt 0:00:02]} Kd3 {[%emt 0:00:02]} 43. Ba5 {[%emt 0:00:08]} g6 {[%emt 0:00:06]} 44. g4 {[%emt 0:00:10]} Ba4 {[%emt 0:00:01]} 45. Bd5 {[%emt 0:00:08]} Bb5 {[%emt 0:00:02]} 46. Bg8 {[%emt 0:00:02]} h6 {[%emt 0:00:02]} 47. Bh7 {[%emt 0:00:01]} Be8 {[%emt 0:00:03]} 48. Bc7 {[%emt 0:00:07]} c3+ {[%emt 0:00:02]} 49. Kc1 {[%emt 0:00:02]} Ba3+ {[%emt 0:00:02]} 50. Kb1 {[%emt 0:00:03]} c2+ {[%emt 0:00:01]} 51. Ka2 {[%emt 0:00:01]} c1=Q {[%emt 0:00:01] Capaeuwekhine rinde (Lag: Av=0.72s, max=3.7s)} 0-1

[Event "Stay Safe Play From Home 291"]
[Site "Emanuel Lasker Arena"]
[Date "2020.07.09"]
[Round "4"]
[White "AChessPlayer"]
[Black "Position"]
[Result "1-0"]
[WhiteElo "2232"]
[BlackElo "2046"]
[Annotator "TA"]
[PlyCount "107"]
[EventDate "2020.07.09"]
[EventType "swiss (blitz)"]

{[%evp 11,107,28,31,31,28,25,61,74,96,69,96,91,97,76,77,65,80,37,43,37,16,39,103,105,91,57,69,63,78,30,93,13,70,78,74,0,88,0,57,-49,93,104,124,115,123,100,173,83,87,87,102,-305,-290,-1052,-1035,-965,-531,-480,-260,-271,-235,-481,-152,-229,-220,-202,-164,-192,-141,-258,-248,-239,-140,-136,-86,-131,-141,-147,-100,-106,-73,-70,0,-72,0,-75,-84,-382,-370,-717,-513,-500,-476,-844,0,-748,-734,-689]} 1. e4 c5 2. Nf3 d6 3. Bb5+ Bd7 4. a4 Nc6 5. O-O e5 6. Re1 Nf6 7. c3 {B52: Sicilian: Moscow Variation with 3...Bd7.} Be7 8. d4 O-O 9. d5 {White is slightly better.} Nb8 10. Nbd2 {[#]} Bg4 $146 ({Predecessor:} 10... Ne8 11. Qb3 g6 12. Bxd7 Qxd7 13. Nc4 Qc7 14. Bh6 Ng7 15. Rac1 Nd7 16. Qa2 b6 {1-0 (50) Kortenbusch,C (1989)-Henrichs,W (1957) Nordrheinwestfalen 2010}) 11. Bf1 h6 12. Nc4 Nbd7 13. h3 Bh5 14. g4 Bg6 15. Bd3 Nb6 16. Na3 c4 (16... Nbd7 $14) 17. Bc2 $16 Rc8 18. Nh2 a6 19. Nf1 Nbd7 20. Ng3 Nc5 (20... Nh7 $11 {keeps the balance.}) 21. Qf3 (21. Kg2 $16) 21... Nb3 (21... b5 $11) 22. Bxb3 $1 $14 cxb3 23. Be3 ({White should play} 23. Nb1 $16) 23... Nd7 (23... Qd7 $11) 24. Qd1 (24. Nb1 $16) 24... Bg5 (24... Bh4 $11) 25. Qxb3 (25. Bxg5 $14 Qxg5 26. Qxb3) 25... Bxe3 (25... Bf4 $1 $15 {keeps the upper hand.}) 26. Rxe3 $16 Nc5 27. Qc2 Qh4 28. Kg2 h5 (28... Rc7 $16 {was necessary.}) 29. b4 ({Don't play} 29. gxh5 $6 Bh7 $16) (29. Qe2 $1 $18 {has better winning chances.}) 29... Nd7 30. f3 ({But not} 30. Nxh5 Bxh5 31. gxh5 f5 $15) 30... Nf6 31. Rh1 $2 {[%mdl 8192] [#]} (31. Qf2 $16) 31... Nxd5 $1 $19 {[%mdl 576] Pin} 32. Rd3 $2 (32. Qf2 Nf4+ 33. Kg1) (32. exd5 Bxc2) 32... Nf4+ {[%mdl 64] Double Attack} 33. Kf2 Nxd3+ 34. Qxd3 {[#]} Rc6 (34... d5 $142 $1 35. Nb1 (35. Qxd5 Rxc3) 35... dxe4 36. fxe4 hxg4 37. hxg4 Qxg4) 35. c4 Rfc8 {Hoping for ...d5!} 36. Kg2 $2 {[#]} (36. Qc3 {was worth a try.}) 36... Qg5 $2 (36... d5 $1 $19 {...dxe4 is the strong threat.} 37. Qe2 (37. cxd5 Rc3) 37... dxc4) 37. b5 (37. h4 $17 Qf4 38. gxh5) 37... axb5 38. axb5 R6c7 39. h4 Qf4 ({Black should try} 39... Qe7 $19 {And now ...hxg4 would win.} 40. gxh5 Bh7) 40. Ne2 (40. gxh5 $17 Bh7 41. Qxd6) 40... Qf6 41. g5 Qe7 (41... Qe6 $19 {aiming for ...f5.} 42. Nc3 f5 43. gxf6 gxf6) 42. Nc3 $17 Rc5 43. Nd5 Qd8 44. b6 Ra8 45. Nb5 Ra2+ 46. Kg3 Qd7 {[#]} (46... f6 $15 47. gxf6 gxf6) 47. Nxd6 $1 {[%mdl 512]} Kh7 ({Don't go for} 47... Qxd6 $2 {[#]} 48. Nf6+ $1 {[%mdl 512]} Qxf6 49. gxf6 $18) (47... Rca5 $17 {Threatens to win with ...R5a3.} 48. Nb5 Kh8) 48. Nf5 (48. Nb5 $1 $11 {remains equal.} Qc8 49. Qb3) 48... Qa4 49. Rh2 $2 {[%mdl 8192]} (49. Nfe3 $17) 49... Ra3 $19 50. Nc3 $2 (50. Qc2 Bxf5 51. Qxa4 Rxa4 52. exf5 Raxc4 53. Ne7) 50... Qxc4 51. Qxc4 Rxc4 52. Nd5 (52. Nb5 $142 Rd3 53. Nbd6) 52... Rcc3 $2 (52... Bxf5 $19 53. exf5 Rg4+ 54. Kf2 Rd4 55. g6+ fxg6 56. fxg6+ Kh6) 53. Re2 $2 {[%mdl 8192]} (53. Nxc3 $11 Rxc3 54. Nd6) 53... Rxf3+ {[%mdl 64] Double Attack} 54. Kg2 {[%mdl 32768] Accuracy: White = 35%, Black = 41%. . Sensor Board Error (Ke4/e5)?} 1-0

[Event "Stay Safe Play From Home 291"]
[Site "Emanuel Lasker Arena"]
[Date "2020.07.09"]
[Round "4"]
[White "Lazieri3"]
[Black "Lucknow"]
[Result "1-0"]
[WhiteElo "2035"]
[BlackElo "1745"]
[Annotator "TA"]
[PlyCount "125"]
[EventDate "2020.07.09"]
[EventType "swiss (blitz)"]

{[%evp 11,125,0,0,0,-6,-8,-14,-12,-6,-19,0,-14,-14,-16,0,0,0,-52,0,-46,43,12,13,2,16,8,133,4,6,0,0,-7,0,0,12,0,9,6,0,2,43,12,19,12,17,24,53,15,58,0,69,0,0,0,0,0,0,0,0,0,0,0,2,-18,-18,-237,-225,-360,-360,-378,-331,-372,-339,-409,-400,-414,-420,-469,-437,-510,-491,-441,-292,-400,-399,-385,-367,-347,-354,-632,-632,-610,-580,-619,-603,-598,-593,-571,-557,-485,-39,-39,-39,-38,0,-580,-33,-580,-580,-505,-176,-174,-45,-929,-45,-86]} 1. e4 c5 2. Nc3 d6 3. Nf3 Nf6 4. Bb5+ Bd7 5. Bxd7+ Qxd7 6. d3 e6 7. Be3 {B52: Sicilian: Moscow Variation with 3...Bd7.} Be7 8. O-O O-O 9. h3 {The position is equal.} Nc6 10. a3 {[#]} d5 $146 ({Predecessor:} 10... Rad8 11. Re1 Qc7 12. Bf4 a6 {½-½ (12) Opelt,F-Fleischer,J Germany 1998}) 11. exd5 exd5 12. d4 b6 13. Re1 Rad8 14. Qd2 ({White should play} 14. dxc5 $11 bxc5 15. Bg5) 14... Rfe8 (14... Ne4 $15 15. Qc1 cxd4 16. Nxd4 Nxc3 17. Nxc6 Qxc6 18. bxc3 Rde8) 15. Rad1 Qc7 ({Black should try} 15... Ne4 $15 16. Nxe4 dxe4) 16. Bf4 Qc8 17. Re2 Bf8 18. Bg5 Qf5 (18... Rxe2 $11 19. Qxe2 (19. Nxe2 Ne4 $11) 19... Re8) 19. Bxf6 (19. Rxe8 $16 Rxe8 20. Bxf6 Qxf6 21. Nxd5) 19... Rxe2 $11 20. Nxe2 Qxf6 21. c3 Qf5 22. Ng3 Qd7 23. Qg5 Be7 24. Qg4 Qxg4 25. hxg4 Bf6 26. Nf5 cxd4 27. N3xd4 Nxd4 28. Nxd4 {[%mdl 4096] Endgame KRB-KRN} Rd6 29. f4 h6 30. Kf2 ({Better is} 30. Nc2 $14) 30... Kf8 (30... Bxd4+ $1 $11 31. Rxd4 Kf8) 31. Kf3 (31. Nf5 $14 Rd8 32. Ke2) 31... Bxd4 32. Rxd4 {KR-KR} Ke7 33. Rd2 Ke6 34. Ke3 Rc6 35. Kd3 Kd6 36. Re2 Rc8 37. Kd4 Rc4+ 38. Kd3 $2 (38. Ke3 $11) 38... Rxf4 $19 39. g5 (39. Ke3 {might work better.} g5 40. g3 d4+ 41. cxd4 Rxg4 42. Kf3 Rxd4 43. g4) 39... hxg5 40. Rd2 Rg4 41. Rf2 f6 42. b3 Kc5 43. b4+ Kd6 44. a4 a5 45. Rb2 axb4 46. cxb4 Kc6 47. a5 bxa5 48. bxa5 Ra4 49. Rb6+ Kc5 50. Rb7 $2 (50. Ra6) 50... Ra3+ 51. Ke2 Kd4 52. Ra7 Ra2+ 53. Kf3 f5 54. a6 Ke5 55. Re7+ Kd6 $2 (55... Kf6 $19 56. Ra7 g4+ 57. Kg3 d4) 56. Rxg7 $15 Ra3+ 57. Kf2 Ra2+ 58. Kg1 $2 {[%mdl 8192]} (58. Kf3 $1 $11 {and White has nothing to worry.}) 58... Ke5 $2 (58... g4 $19 {White must now prevent ...d4.} 59. a7 Ke5) 59. a7 $2 {[%mdl 8192]} ({Only move:} 59. Rxg5 $15 d4 60. Kf1) 59... Kf4 $19 60. Kh2 d4 $2 (60... g4 {...Ra1 is the strong threat.} 61. Rb7 Ra1 62. Rb4+ Ke3) 61. Rd7 {[#]} d3 (61... Ke3 $1 $19 {Hoping for ...d3.} 62. Re7+ Kf2) 62. Rd4+ $2 {[%mdl 8192] [#]} (62. Rxd3 $15 Rxa7 63. Rb3) 62... Ke5 $2 (62... Ke3 $1 $19 63. Rd7 Ra6) 63. Rd7 {[%mdl 32768] Accuracy: White = 44%, Black = 53%. . Loss on time!?} 1-0